02265ngm a22003253 4500001000600000003000900006005001700015007000700032008004100039016001300080017000900093020003100102035000600133040002500139082001500164245009300179246004400272246003200316246005800348260003400406300003000440504005300470505122200523650004301745655002501788700003601813700001801849700003101867740004101898 389 DO-SdBNP20251212102748.0 389 13826 s2012 sp 150 g || vlmul 7 a 2BPMSU a b  a8408469711 (obra completa) a  aBPMSUbspacBPMSUe  a709bH673a10a ARS Magna :n bhistoria del arte universal : cJavier Fortea Pérez ... [et al.].p 13aHistoria del arte universal: Ars Magna.13aHistoria del arte universal13a Título en el lomo : AM historia del arte universal0 aBarcelona : bPlaneta, c2011 a10 v. : b il. ; c31 cm. aIncluye referencias bibliografícas e índice.0 a v. 1. El alba de la ilusión : el arte de la prehistoria y de las primeras civilizaciones / Javier Fortea Pérez, María José López Grande, Bernat Martí Oliver -- v. 2. El esplendor del ritual : el arte en América precolombina, África y Oceanía / Miguel Rivera Dorado, Alberto Costa Romero de Tejada -- v. 3. Meditar la naturaleza : el arte en India y Asia oriental / Isabel Cervera -- v. 4. El descubrimiento del orden clásico : el arte en Grecia y Roma / Manuel Bendala Galán -- El arte paleocristiano / Carmen Sánchez Fernández -- v. 5. La disputa de la Imágenes : el primer arte medieval cristiano / Germán Ramallo Asensio -- El arte islámico / Pedro Segado Bravo y Carmen Martínez Salvador -- v. 6. El despertar de Europa : el arte del Románico y del Gótico / Joan Sureda -- v. 7. La búsqueda de lo real : el arte en el Renacimiento, 1400-1527 / Joan Sureda -- v. 8. El espectáculo de las formas : el arte manierista, barroco y rococó, 1527-1780 / Joan Ramon Triadó -- v. 9. La conquista de la libertad : el arte occidental entre 1780 y 1900 / Isabel Valverde, ... [et al.] -- v. 10. El triunfo de la creación : el arte del siglo XX / Anna Maria Guasch ... [et al.]. 7aArte xHistoria vEnciclopedias.y 2  7aDocumentales2tgfbne124Briñardeli Luna, Juan Carlos.12aSureda, Joan.12aNavascués Palacio, Pedro32aEl arte en los albores del siglo XXI